000 01105cam a22002771 4500
001 sd 49000234
003 DLC
005 20260227112735.0
008 910429s1943 dcu b f000 0 eng c
010 _asd 49000234
035 _a(OCoLC)23660568
040 _aU.S. Dept. of State. Library
_cCSt-H
_dCSt-H
_dDLC
042 _apremarc
050 0 0 _aUB250
_b.U33 no. 1033
082 _a940.5343
110 1 _aUnited States.
_bOffice of Strategic Services.
_bResearch and Analysis Branch.
_bEurope-Africa Division.
245 1 4 _aThe Free Germany manifesto and the German people.
260 _a[Washington]
_bOffice of Strategic Services, Branch of Research and Analysis, Europe-Africa Division, Psychological Warfare Subdivision, Central European Section,
_c1943.
300 _a21 p.
_c27 cm.
490 1 _aR & A
_v#1033
504 _aBibliographical footnotes.
650 0 _aWorld War, 1939-1945
_xUnderground movements
_zGermany.
650 0 _aPublic opinion
_zGermany.
650 0 _aCommunism
_zGermany.
810 1 _aUnited States.
_bDepartment of State.
_bOffice of Intelligence.
_tR & A ;
_vno. 1033.
999 _c90002
_d90002